| 000 | 00585 a2200181 4500 | ||
|---|---|---|---|
| 999 |
_c6510 _d6510 |
||
| 020 | _a9780415733571 | ||
| 050 | 0 | 0 | _aKD 750 BUR 2015 |
| 100 | 1 |
_aBurton, Frances _eauthor |
|
| 245 | 1 | 0 |
_aFamily law / _cFrances Burton |
| 250 | _a2nd ed. | ||
| 264 | 1 |
_aMilton Park, Abingdon, Oxon ; _aNew York, NY : _bRoutledge, _c2015 |
|
| 300 | _a526p.: | ||
| 500 | _aIncludes bibliographical references and index | ||
| 504 | _aIncludes bibliographical references and index | ||
| 650 | 0 | _aDomestic relations | |
| 650 | 0 |
_aChildren _xLegal status, laws, etc. |
|
| 942 |
_2lcc _cBK _e2nd ed. _h750 _iBUR _kKD |
||